| 000 | 01029nam a22002057a 4500 | ||
|---|---|---|---|
| 999 |
_c10008 _d10008 |
||
| 003 | AR-CdUCM | ||
| 008 | 190329b ||||| |||| 00| 0 spa d | ||
| 040 |
_aMUNICIPALIDAD PROVINCIAL DEL CUSCO _cBIBLIOTECA MUNICIPAL DEL CUSCO |
||
| 082 |
_a373.35 / _bC79 / 1937 |
||
| 100 |
_aCordero, Salvador _926604 |
||
| 245 | _aComo debe procederse a la enseñanza de la lengua española / | ||
| 260 |
_aMéxico, D.F : _b Eds. Botas, _c1937. |
||
| 300 |
_a204 paginas ; _c20 cm. |
||
| 505 | _aContenido : Conservación desarrollo y muerte de los idiomas como se han desarrollado algunos de estos fenómenos en la lengua española -- Conservación de las lenguas -- A que debe tender la enseñanza de la lengua española en las escuelas; y cuales deben ser el método y forma de dicha enseñanza -- Enseñanza del vocabulario por medio de la conversación... | ||
| 650 |
_aLengua española _91124 |
||
| 650 |
_aEnseñanza de la lengua _926605 |
||
| 650 |
_aFormas y métodos de enseñanza _926606 |
||
| 942 |
_2ddc _cLIBROS |
||
| 945 | _awnts | ||